书目信息 |
| 题名: |
心理咨询师
|
|
| 作者: | 赵小青 编 | |
| 分册: | 下册 二级 | |
| 出版信息: | 北京 中国劳动社会保障出版社 2016 |
|
| 页数: | 199页 | |
| 开本: | 25cm | |
| 丛书名: | ||
| 单 册: | ||
| 中图分类: | B849.1 | |
| 科图分类: | ||
| 主题词: | 心理咨询--xin li zi xun--职业培训--教材 | |
| 电子资源: | ||
| ISBN: | 978-7-5167-2858-1 | |
| 000 | 00879nam0 22002531 450 | |
| 001 | 0118172138 | |
| 005 | 20170619152945.17 | |
| 010 | @a978-7-5167-2858-1@dCNY32.00 | |
| 100 | @a20170320d2016 em y0chiy50 ea | |
| 101 | 0 | @achi |
| 102 | @aCN@b110000 | |
| 105 | @ay z 000yy | |
| 106 | @ar | |
| 200 | 1 | @a心理咨询师@Axin li zi xun shi@i二级@h下册@f赵小青[等]编 |
| 210 | @a北京@c中国劳动社会保障出版社@d2016 | |
| 215 | @a199页@d25cm | |
| 300 | @a1+X职业技术·职业资格培训教材 | |
| 304 | @a编者还有:张海燕、王啸天、陈国鹏 | |
| 330 | @a本书分为团体心理咨询、危机和自杀干预、心理测验与常用量表3章,介绍了团体心理咨询概述、团体心理咨询的带领、团体心理咨询的具体运用等内容。 | |
| 606 | 0 | @a心理咨询@Axin li zi xun@x职业培训@j教材 |
| 690 | @aB849.1@v5 | |
| 701 | 0 | @a赵小青@Azhao xiao qing@4编 |
| 801 | 0 | @aCN@bTANGWEI@c20170610 |
| 905 | @b1008579-84@dB849.1@e1841:2@f6 | |
| 心理咨询师.二级.下册/赵小青[等]编 .-北京:中国劳动社会保障出版社,2016 |
| 199页;25cm |
| 1+X职业技术·职业资格培训教材 |
| ISBN 978-7-5167-2858-1:CNY32.00 |
| 本书分为团体心理咨询、危机和自杀干预、心理测验与常用量表3章,介绍了团体心理咨询概述、团体心理咨询的带领、团体心理咨询的具体运用等内容。 |
| ● |
| 相关链接 |
|
|
|
|
正题名:心理咨询师
索取号:B849.1/1841:2
 
预约/预借
| 序号 | 登录号 | 条形码 | 馆藏地/架位号 | 状态 | 备注 |
| 1 | 1008579 | 210085799 | 第一样本阅览室/ [索取号:B849.1/1841:2] | 在馆 | |
| 2 | 1008580 | 210085806 | 教育系资料室/ [索取号:B849.1/1841:2] | 在馆 | |
| 3 | 1008581 | 210085815 | 教育系资料室/ [索取号:B849.1/1841:2] | 在馆 | |
| 4 | 1008582 | 210085824 | 教育系资料室/ [索取号:B849.1/1841:2] | 在馆 | |
| 5 | 1008583 | 210085833 | 第一借阅区/ [索取号:B849.1/1841:2] | 在馆 | |
| 6 | 1008584 | 210085842 | 第一借阅区/ [索取号:B849.1/1841:2] | 在馆 |